Best 'Of' Literature II Quiz Stats

Quiz Updated Dec 24, 2014

Challenge
Share
Tweet
Score 0/24 Timer 08:00
1 Play Today
% Correct
Fifty Shades
98.4%
The Silence
97.5%
Life
97.4%
Diary
95.9%
Memoirs
94.5%
The Perks
92.8%
Tropic
90%
The Age
89.4%
On The Origin
89.2%
The Merry Wives
89.2%
Out
89.1%
A Portrait
88.4%
% Correct
The Secret Life
87.4%
A Brief History
87.3%
This Side
83.1%
The Wings
82.2%
The Fall
80.7%
A Room
80.6%
The Haunting
80.2%
The 500 Hats
79.4%
The Curious Incident
78.7%
The Heart
78.5%
The Prince
77.3%
Bonfire
73.4%

You're not logged in!

Compare scores with friends on all Sporcle quizzes.
Sign Up with Email
OR
Log In

You Might Also Like...

Show Comments

Extras

Top Quizzes Today


Score Distribution

Your Account Isn't Verified!

In order to create a playlist on Sporcle, you need to verify the email address you used during registration. Go to your Sporcle Settings to finish the process.